1346 1000 1262 1092 1414 1214 1786 1487 1925 1971 1722 1755 1660 1317 1025 1587 1015 1542 1289 1599 1286 1323 1956 1769 1653 1651 1602 1440 1788 1334 1633 1185 1508 1927 1361 1501 1338 1720 1634 1173 1228 1662 1229 1090 1861 1832 1345 1142 1744 1651 1595 1753 1976 1226 1962 1898 1224 1018 1662 1472 1533 1015 1320 1732 1227 1170 1535 1755 1396 1121 1381 1547 1579 1060 1674 1763 1836 1085 1937 1220 1200 1985 1314 1247 1720 1067 1388 1707 1179 1207 1299 1060 1750 1290 1963 1849 1902 1899 1573 BCNSPRNW ULIB Ver.6.0+V

เปลี่ยนเป็นภาษาไทย

Change to English
 แสดงรายละเอียดบรรณานุกรม
  กลับหน้าหลัก

Brief Record : Get Marc (ISO 2709) : E-mail record : QR code < ปิดหน้าต่าง
LEADER : 00000nam 2200000uu 4500
001    13399108412
003     ULIB
008    110303s2007||||th 000 0 tha d
020    9781582555324
024    1582555324
060  4 WY100^B561 2007
245 00 Best pratices evidence-based nursing procedures^cMunden, Juilie, editor
250    2nd.ed
260    Philadelphia. :^b Lippincott Williams & Wikins, ^c2007
300    628 pp.
650  7 Evidence-Bases Nursing.
650  7 Nursing care^x Practices
945    ^p1885^l0^i020368
995    Kesorn
999 ^a ใช้งานได้ทุกระบบ
รายการนี้ยังไม่มีแท็ก
คุณยังไม่ได้ล็อกอิน คุณสามารถมีกิจกรรมร่วมกับเว็บไซต์ได้ แต่ต้องล็อกอินก่อน ::
  ล็อกอิน

รายการสื่อสารสนเทศ

ลำดับที่ ประเภท เลขเรียก/บาร์โค้ด สถานที่ สถานะ
- ไม่พบข้อมูล -

BibComment


ยังไม่เคยถูกคอมเมนท์

คอมเมนท์ทรัพยากรรายการนี้
  คอมเมนท์: Best pratices evi..


 Copyright 2026. Bcnsprnw @Library